00389nam a22000857a 4500008004100000010001300041245010500054260000900159500013500168110701t xxu||||| |||| 00| 0 eng d aPDDF-143 aPractice direction No.1 of 2004 Court of Appeal (Judicial Powers of Registrators Practice Direction. c2004 aB.J. Odoki, Chief Justce C.C The Hon. Principal Judge C.C. All Justices of the Court of Appeal C.C. The Registrar, Court of Appeal